POROVNANIE ALOMETRICKÉHO RASTU OŠÍPANÝCH SEGHERS A KAHYB

Bibliographic Details
Main Authors: Bahelka, I. (Author), Hetényi, Ladislav, 1951- (Author), Kováč, Ľubomír, 1942- (Author), Fľak, Pavel (Author)
Format: Article
Language:Slovak

MARC

LEADER 00000nab a2200000uu 4500
001 vtls011540404
003 SK-MaSNL
005 20260304013348.0
008 230218|2002 xo |||||||||||||||||slo|
015 |a SNBRB 
035 |a (urnnbn)urn:nbn:sk:snk:ar-a09r8e 
035 |a (uuid)1698f6d2-681f-4d05-ad8d-2a1aee88b2d6 
035 |a urn:nbn:sk:snk-abeyne 
040 |a SNKBUCL  |b slo  |c SNKBUCL  |e AACR2 
041 0 |a slo 
044 |a xo  |c SK 
100 1 |a Bahelka, I.  |4 aut  |9 800078 
245 1 0 |a POROVNANIE ALOMETRICKÉHO RASTU OŠÍPANÝCH SEGHERS A KAHYB  |c I. Bahelka, L. Hetényi, Ľ. Kováč, P. Fľak 
246 3 |a COMPARISON OF ALLOMETRIC GROWTH OF SEGHERS AND KAHYB PIGS 
700 1 |a Hetényi, Ladislav,  |d 1951-  |4 aut  |9 23168 
700 1 |a Kováč, Ľubomír,  |d 1942-  |4 aut  |9 206833 
700 1 |a Fľak, Pavel  |4 aut  |9 5306 
773 0 |t Journal of farm animal science : vedecké práce Výskumného ústavu živočíšnej výroby v Nitre  |g Roč. 35, č. 35 (2002), s. 141-148 
954 |a odborná, vedecká literatúra pôvodná (slovenská)  |2 lita 
958 |a OND 
958 |a EUIPO 
958 |a article22 
999 |c 2575475  |d 2577405